000 00543nam a22002057a 4500
003 OSt
005 20210426111930.0
008 210204s1979 ||||| |||| 00| 0 eng d
040 _aeng
_beng
_cDLC
041 _aeng
080 _a32
_bK-49
100 _9795
_aKissinger, Henry
245 _aWhite House Years
_c/ by: Little, Brown and Company
250 _a1st edition
260 _aBoston
_bLittle, Brown and Company
_c1979
300 _a1521 p.
_bill.
650 0 _9443
_aPolitics
653 _aპოლიტიკა
942 _2udc
_cBK
_e1
999 _c1220
_d1220